000 01284cai a22002535a 4500
001 L137621
008 070420u xxk g f001 0 eng d
035 _a(Sirsi) u137621
041 0 _aeng
050 _a333.32 $2 18
110 1 _aUnited Kingdom
_bDepartment for Environment, Food and Rural Affairs
245 0 0 _aCommon land
520 _aProvides definitions, details of legislation, maps, statistics, processes of registration and register details. Gives information on town and village greens and exempted areas. Contains information on the management of common land. Links to details of case law are given as well as recent news.
590 _aKA
650 2 4 _aCOMMONS REGISTRATION (OBJECTION AND MAPS) (AMENDMENT) (ENGLAND) REGULATIONS 2007
650 2 4 _aSMITH AND OTHERS V EAST SUSSEX CC
650 2 4 _aCOMMONS REGISTRATION (FINALITY OF DISPUTED REGISTRATIONS) REGULATIONS REGULATIONS 1970
650 2 4 _aCOMMONS REGISTRATION (OBJECTIONS AND MAPS) REGULATIONS 1968
650 2 4 _aCOMMONS ACT 2006
651 4 _aEngland and Wales
_y1543-
690 _aPROPERTY-RURAL AND NATURAL ASSETS-LAND
856 4 0 _uhttps://www.defra.gov.uk/wildlife-countryside/issues/common/index.htm
_zView the website free of charge at www.defra.gov.uk/wildlife-countryside...
942 _n0
999 _c120594
_d120594